000 00889nmm a2200277 a 4500
001 ocm000652759
003 TR-IsHL
005 20201028142131.0
008 140104s1997 tu tur
007 cr cn
020 _a9789753860376
035 _a652759
_b(N$T)
050 0 4 _aPQ2349.A4
_bS2 1997
090 0 4 _aPQ2349.A4
_bS2 1997
100 1 _aMaupassant, Guy De
245 1 0 _aSaplantı: öyküler
_h[electronic resource] /
_cGuy De Maupassant ; çev. Ceyhun Ergüven
260 _aİstanbul :
_bYaba Yayınları,
_c1997
300 _a144 p.
650 4 _aDil ve Edebiyat
650 4 _aLanguage and Literature
650 0 _aFransız hikayesi
650 0 _aFrench story
650 7 _aLITERARY COLLECTIONS / European / French
_2bisacsh
700 1 _aErgüven, Ceyhun
856 4 0 _uhttp://search.ebscohost.com/login.aspx?direct=true&scope=site&db=e011xww&AN=652759
999 _c8188
_d8188